000 00379nam a2200157Ia 4500
008 230917s9999||||xx |||||||||||||| ||und||
020 _cPON3.95
040 _e12380
_aMAIN
041 _aEnglish
082 _a301.4442 L778T
100 _aLloyd, Peter
245 0 _aThird world proletariat
260 _aLondon
_bGearge Allant Union
_c1982
300 _a135p p.
942 _cBK
999 _c229161
_d229161